000 00612nam a2200229Ia 4500
003 OSt
005 20230517162804.0
008 210423s2015 xx 000 0 und d
020 _a978-81-309-1774-0
040 _cAL
041 _aeng
082 _a547 PART
100 _aPARASHAR (Rakesh K);AHLUWALIA (V K)
_9107291
245 _aTextbook of organic chemistry
260 _aNew Delhi
_bViva Books Pvt Ltd
_c2015
300 _axvii,486
_bPB
365 _b395
_cINR
650 _aChemistry
_9107292
650 _aOrganic Chemistry
_9107293
906 _achemistry ; organic ; Textbook
942 _2ddc
_cBK
999 _c167652
_d167652